First aid and emmergency nursing

Zapisane w:
Opis bibliograficzny
1. autor: YALAYYASWAMY,N.N
Format: Książka
Język:angielski
Wydane: CBS Publishers. 2018.
Etykiety: Dodaj etykietę
Nie ma etykietki, Dołącz pierwszą etykiete!

MARC

LEADER 00000nam a22000007a 4500
008 210916b ||||| |||| 00| 0 eng d
020 |a 9788123916682 
100 |a YALAYYASWAMY,N.N. 
245 |a First aid and emmergency nursing  |c N.N. Yalayyaswamy.  |g 188p;Ill. 
260 |b CBS Publishers.  |c 2018.  |d Book.  |h New Delhi.  |i 697038  |i 697039.  |l RT 120.E4.Y2  |m Emmergency nursing.  |m First aid in illness and injury  |m Emmergency Nursing-methods.  |m Emmergency Treatment- nursing 
500 |a "It includes pictures" 
942 |a lcc  |c BK  |e Olagoke,M.A.  |f 16/09/2021. 
952 |0 0  |1 0  |2 lcc  |4 0  |7 0  |9 3581  |a HOL  |b ML  |c QZ  |d 2021-09-16  |o RT120.E4.Y2  |p 2021-67322  |r 2021-09-16 00:00:00  |t 697038  |w 2021-09-16  |y BK 
952 |0 0  |1 0  |2 lcc  |4 0  |7 0  |9 3582  |a HOL  |b HOL  |c QZ  |d 2021-09-16  |o RT120.E4.Y2  |p 2021-67323  |r 2021-09-16 00:00:00  |t 697039  |w 2021-09-16  |y BK 
999 |c 1774  |d 1774